| 000 | 00743nam a2200181Ia 4500 | ||
|---|---|---|---|
| 008 | 151018s9999 xx 000 0 und d | ||
| 082 |
_bRBASDV60139 _a801.95 |
||
| 100 | _aएस आर सिंह | ||
| 245 | _aभारतीय सामाजिक विकास और हिंदी उपन्यास | ||
| 250 | _b1 | ||
| 260 |
_bअभिव्यक्ती _c2012 |
||
| 300 | _a160 | ||
| 600 | _aएस आर सिंह | ||
| 630 | _aभारतीय सामाजिक विकास और हिंदी उपन्यास | ||
| 700 | _aएस आर सिंह | ||
| 730 | _aभारतीय सामाजिक विकास और हिंदी उपन्यास | ||
| 942 | _cBOOK | ||
| 999 |
_c1053720 _d1053717 |
||